000 00470nam a2200181 a 4500
003 PILC
005 20160126143354.0
008 060309s19uu xx 00 eng d
020 _a0451145054
050 _aE 183.8.I55
_b.F65 1984
100 _aFollett, Ken
245 _aOn wings of eagles
_cKen Follett.
260 _aNew York :
_bNew American Library,
_c1983.
300 _a413 p. :
_c17 cm.
500 _a"A Signet Book".
942 _cBK
_2lcc
999 _c115483
_d115483